| 000 | 00790nam a22001817a 4500 | ||
|---|---|---|---|
| 005 | 2012020108278.0 | ||
| 020 |
_c200.00 _a8171380530 |
||
| 035 | _aB-181019 | ||
| 037 |
_b _adpl |
||
| 082 | _a070.4 | ||
| 100 |
_aअरविन्द मोहन _940497 |
||
| 245 | 1 |
_aपत्रकार और पत्रकारिता प्रशिक्षण / _cअरविन्द मोहन |
|
| 260 |
_aनई दिल्ली _bसामयिक प्रकाशन _c2005 |
||
| 270 |
_a _b _e _k |
||
| 300 |
_a224पृ. _c22सेमी (सजिल्द) |
||
| 942 |
_adpl _cHN _k _2ddc _h070.4 _mअरवि |
||
| 999 |
_c61740 _d61740 |
||